Cloud Types By Picture - Multiple Choice - Statistics

General Stats
  • This quiz has been taken 951 times
  • The average score is 10 of 15
Answer Stats
Question Answer % Correct
What is this cloud?

Cumulus
92%
What is this cloud?

Cumulonimbus
89%
What is this cloud?

Cirrus
84%
What is this cloud?

Stratocumulus
84%
What is this cloud?

Nimbostratus
80%
What is this cloud?

Stratus
79%
What is this cloud?

Altocumulus
76%
What is this cloud?

Cirrocumulus
75%
What is this cloud?

Cirrostratus
73%
What species is this cloud?

Lenticularis
62%
What species is this cloud?

Mamma
53%
What species is this cloud?

Fractus
52%
What species is this cloud?

Volutus
37%
What species is this cloud?

Uncinus
32%
What is this cloud?

Cumulus
23%
No matching quizzes found
Score Distribution
Percent of People with Each Score
Percentile by Number Answered
Your Score History
You have not taken this quiz